[Event "Angouleme Lallemand Memorial op"]
[Site "Angouleme"]
[Date "2018.06.10"]
[Round "9"]
[White "Rollot, Florence"]
[Black "Genzling, Sylvie"]
[Result "1/2-1/2"]
[WhiteElo "2039"]
[BlackElo "1979"]
[PlyCount "66"]
[EventDate "2018.06.09"]
[EventType "swiss (rapid)"]
[EventRounds "9"]
[EventCountry "FRA"]
[SourceTitle "CBM 184 Extra"]
[Source "ChessBase"]
[SourceDate "2018.06.28"]
[SourceVersion "1"]
[SourceVersionDate "2018.06.28"]
[SourceQuality "1"]

1. Nf3 d5 2. c4 e6 3. d4 c5 4. cxd5 exd5 5. Nc3 Nc6 6. g3 Nf6 7. Bg5 cxd4 8. Nxd4 Bc5 9. e3 Nxd4 10. exd4 Qe7+ 11. Be2 Bb4 12. 0-0 Bxc3 13. bxc3 0-0 14. Bf3 Be6 15. Re1 h6 16. Bxf6 Qxf6 17. Bg2 Rac8 18. Qb3 Rfd8 19. Rac1 b6 20. Re5 Rc4 21. Bxd5 Bxd5 22. Rxd5 Rdc8 23. Rd7 Qf3 24. Rxa7 Rxc3 25. Rxc3 Rxc3 26. Qb1 g6 27. Re7 Rd3 28. Re8+ Kg7 29. Re1 Rd2 30. Rf1 Qf6 31. a3 Qxd4 32. Qa1 Qxa1 33. Rxa1 Rb2 1/2-1/2

[Event "Angouleme Lallemand Memorial op"]
[Site "Angouleme"]
[Date "2018.06.09"]
[Round "2"]
[White "Genzling, Sylvie"]
[Black "Alexieva, Silvia"]
[Result "0-1"]
[WhiteElo "1979"]
[BlackElo "2266"]
[PlyCount "42"]
[EventDate "2018.06.09"]
[EventType "swiss (rapid)"]
[EventRounds "9"]
[EventCountry "FRA"]
[SourceTitle "CBM 184 Extra"]
[Source "ChessBase"]
[SourceDate "2018.06.28"]
[SourceVersion "1"]
[SourceVersionDate "2018.06.28"]
[SourceQuality "1"]

1. e4 d6 2. d4 Nf6 3. Nc3 e5 4. Nf3 Nbd7 5. Bc4 Be7 6. 0-0 0-0 7. a4 a6 8. a5 exd4 9. Nxd4 Ne5 10. Bb3 c5 11. Nde2 c4 12. Ba4 Qxa5 13. h3 b5 14. Nd5 Nxd5 15. Qxd5 Be6 16. Qd4 bxa4 17. Bd2 Qc7 18. Rxa4 Bxh3 19. f4 Bg4 20. Ng3 Qc6 21. Ra5 Bd8 0-1

[Event "Villandry Lallemand Memorial op"]
[Site "Villandry"]
[Date "2013.05.11"]
[Round "4"]
[White "Genzling, Sylvie"]
[Black "Alexieva, Silvia"]
[Result "1/2-1/2"]
[WhiteElo "1986"]
[BlackElo "2274"]
[PlyCount "116"]
[EventDate "2013.05.11"]
[EventType "swiss (rapid)"]
[EventRounds "9"]
[EventCountry "FRA"]
[SourceTitle "EXT 2014"]
[Source "ChessBase"]
[SourceDate "2013.11.20"]
[SourceVersion "1"]
[SourceVersionDate "2013.11.20"]
[SourceQuality "1"]

1. e4 c5 2. Nf3 e6 3. c4 a6 4. d4 cxd4 5. Nxd4 d6 6. Nc3 Nf6 7. Be2 Be7 8. 0-0 0-0 9. f4 Qc7 10. Kh1 Nc6 11. Be3 Nd7 12. Rc1 Nxd4 13. Bxd4 Re8 14. Qe1 Bf8 15. Qg3 b6 16. e5 Bb7 17. Rcd1 g6 18. b3 Rad8 19. exd6 Bxd6 20. Be3 Bf8 21. Bf3 Bg7 22. Ne2 Nf6 23. Bxb7 Qxb7 24. h3 Ne4 25. Qf3 f5 26. Bd4 Bxd4 27. Nxd4 e5 28. Ne2 Qe7 29. Nc3 Nxc3 30. Qxc3 e4 31. Qe3 Qc5 32. Qc3 e3 33. Rxd8 Rxd8 34. Re1 Re8 35. b4 Qe7 36. c5 bxc5 37. bxc5 Qe4 38. c6 Qxf4 39. c7 Rc8 40. Rxe3 Rxc7 41. Qe1 Kf7 42. a3 Qc4 43. Kh2 Qd4 44. Qe2 Qf4+ 45. g3 Qa4 46. Qa2+ Qc4 47. Qg2 Qc6 48. Qf2 Rd7 49. h4 Qd5 50. Re2 Qd4 51. Qg2 Qg4 52. Rf2 Kg7 53. Qc6 f4 54. Qc3+ Kh6 55. Rxf4 Qd1 56. Rf2 Qd3 57. Qc1+ Kg7 58. Qf4 Qd6 1/2-1/2

[Event "FRA-chT2 0910"]
[Site "France"]
[Date "2010.01.24"]
[Round "7.6"]
[White "Genzling, Sylvie"]
[Black "Vigneron, Quentin"]
[Result "1/2-1/2"]
[WhiteElo "1968"]
[BlackElo "1913"]
[PlyCount "57"]
[EventDate "2009.09.27"]
[EventType "team-tourn"]
[EventRounds "11"]
[EventCountry "FRA"]
[SourceTitle "EXT 2011"]
[Source "ChessBase"]
[SourceDate "2010.11.26"]
[SourceVersion "1"]
[SourceVersionDate "2010.11.26"]
[SourceQuality "1"]

1. e4 d5 2. exd5 Qxd5 3. Nc3 Qa5 4. Bc4 Nf6 5. d3 c6 6. Bd2 Bf5 7. Qe2 e6 8. Nf3 Bb4 9. 0-0 0-0 10. a3 Bxc3 11. Bxc3 Qd8 12. h3 Nbd7 13. Bd2 h6 14. Rfe1 Qc7 15. d4 Nd5 16. Bxd5 cxd5 17. c3 Nb6 18. Nh4 Qd7 19. Qh5 Nc4 20. Bc1 Nd6 21. Re3 Ne4 22. Nxf5 exf5 23. Rf3 Nd6 24. Bf4 Ne4 25. Be3 Nd6 26. Rg3 Ne4 27. Rf3 Nd6 28. Rg3 Ne4 29. Rf3 1/2-1/2

[Event "FRA-chT2 0910"]
[Site "France"]
[Date "2009.10.17"]
[Round "2.8"]
[White "Genzling, Sylvie"]
[Black "Coignet, Jean Francis"]
[Result "1-0"]
[WhiteElo "1967"]
[BlackElo "1818"]
[PlyCount "63"]
[EventDate "2009.09.27"]
[EventType "team-tourn"]
[EventRounds "11"]
[EventCountry "FRA"]
[SourceTitle "EXT 2011"]
[Source "ChessBase"]
[SourceDate "2010.11.26"]
[SourceVersion "1"]
[SourceVersionDate "2010.11.26"]
[SourceQuality "1"]

1. e4 c6 2. d4 d5 3. exd5 cxd5 4. Nf3 Nf6 5. Bd3 e6 6. 0-0 Be7 7. c3 0-0 8. Ne5 Nbd7 9. f4 Ne4 10. Be3 f5 11. Nd2 Nxe5 12. dxe5 Bc5 13. Bxc5 Nxc5 14. Nb3 Nxb3 15. axb3 b6 16. Ra4 Qc7 17. Kh1 a5 18. Rf3 Ba6 19. Bc2 Rfb8 20. Rd4 b5 21. Rg3 Rd8 22. Rgd3 Rac8 23. Rd2 Qc6 24. h3 Rc7 25. Bd3 Rdc8 26. Kh2 Qb6 27. Be2 Qc6 28. c4 bxc4 29. bxc4 Bxc4 30. Bxc4 dxc4 31. Rd6 Qa8 32. Rd8+ 1-0

[Event "FRA-chT Top 12 (Women)"]
[Site "France"]
[Date "2009.??.??"]
[Round "3.2"]
[White "Genzling, Sylvie"]
[Black "Haussernot, Cecile"]
[Result "0-1"]
[WhiteElo "1963"]
[BlackElo "1861"]
[PlyCount "78"]
[EventDate "2009.01.22"]
[EventType "team-tourn"]
[EventRounds "4"]
[EventCountry "FRA"]
[SourceTitle "CBM 128 Extra"]
[Source "ChessBase"]
[SourceDate "2009.03.05"]
[SourceVersion "2"]
[SourceVersionDate "2009.03.25"]
[SourceQuality "1"]

1. e4 c5 2. Nf3 d6 3. d4 cxd4 4. Nxd4 Nf6 5. Nc3 a6 6. Be2 e5 7. Nb3 Be6 8. 0-0 Be7 9. Kh1 0-0 10. f4 Qc7 11. f5 Bc4 12. Bg5 Nbd7 13. Nd2 Bxe2 14. Qxe2 b5 15. a3 Nb6 16. Nf3 Rfd8 17. Rfd1 Rac8 18. Ne1 Qc4 19. Qf3 a5 20. Bxf6 Bxf6 21. Nd5 Nxd5 22. Rxd5 b4 23. Rxa5 d5 24. h3 dxe4 25. Qf2 Bg5 26. axb4 e3 27. Qg1 e4 28. c3 Qe2 29. R5a2 h6 30. b5 Rd2 31. b6 Rxb2 32. b7 Rb8 33. Rxb2 Qxb2 34. Ra8 Qxb7 35. Rxb8+ Qxb8 36. Nc2 Qg3 37. Nd4 Qf2 38. Qd1 Qd2 39. Qb1 e2 0-1

[Event "FRA-chT Top 12 (Women)"]
[Site "France"]
[Date "2009.??.??"]
[Round "2.2"]
[White "Gras, Delphine"]
[Black "Genzling, Sylvie"]
[Result "0-1"]
[WhiteElo "1995"]
[BlackElo "1963"]
[PlyCount "54"]
[EventDate "2009.01.22"]
[EventType "team-tourn"]
[EventRounds "4"]
[EventCountry "FRA"]
[SourceTitle "CBM 128 Extra"]
[Source "ChessBase"]
[SourceDate "2009.03.05"]
[SourceVersion "2"]
[SourceVersionDate "2009.03.25"]
[SourceQuality "1"]

1. e4 e6 2. d4 d5 3. Nc3 Nf6 4. e5 Nfd7 5. f4 c5 6. Nf3 Nc6 7. Be3 a6 8. Qd2 b5 9. dxc5 Bxc5 10. Bxc5 Nxc5 11. Qf2 Qe7 12. Bd3 Nxd3+ 13. cxd3 0-0 14. f5 f6 15. exf6 Rxf6 16. fxe6 Rxe6+ 17. Kd2 Qb4 18. Kc2 d4 19. Ne4 Bd7 20. a3 Qe7 21. Nxd4 Rxe4 22. Nxc6 Bxc6 23. dxe4 Bxe4+ 24. Kc1 Rc8+ 25. Kd1 Rd8+ 26. Ke1 Bxg2+ 27. Qe2 Qh4+ 0-1

[Event "FRA-chT1A 0809"]
[Site "France"]
[Date "2008.12.14"]
[Round "5.8"]
[White "Genzling, Sylvie"]
[Black "Richard, Emma"]
[Result "0-1"]
[WhiteElo "1936"]
[BlackElo "2082"]
[PlyCount "128"]
[EventDate "2008.10.19"]
[EventType "team-tourn"]
[EventRounds "11"]
[EventCountry "FRA"]
[SourceTitle "EXT 2010"]
[Source "ChessBase"]
[SourceDate "2010.11.25"]
[SourceVersion "1"]
[SourceVersionDate "2010.11.25"]
[SourceQuality "1"]
[WhiteTeam "Bischwiller"]
[BlackTeam "Mulhouse II"]
[WhiteTeamCountry "FRA"]
[BlackTeamCountry "FRA"]

1. d4 Nf6 2. Nf3 g6 3. c3 Bg7 4. Bf4 d6 5. h3 0-0 6. e3 Nbd7 7. Bc4 Qe8 8. 0-0 Kh8 9. Qe2 Nb6 10. Bb3 a5 11. Na3 a4 12. Bc2 Bd7 13. Rfe1 Nh5 14. Bh2 f5 15. Rad1 e5 16. dxe5 dxe5 17. e4 f4 18. Bd3 c6 19. c4 Be6 20. Qc2 Nd7 21. Be2 Bf6 22. Nb1 g5 23. Nfd2 Rg8 24. Nf1 Nc5 25. f3 Bf7 26. Kh1 Ng7 27. Bg1 Nge6 28. Nh2 h5 29. Bf1 Qf8 30. Qe2 Qh6 31. Rd6 Rg6 32. b4 axb3 33. axb3 Nxb3 34. Rd7 Nbd4 35. Qd1 Rg7 36. Rxb7 Rd8 37. Nd2 Nc5 38. Rb2 Nce6 39. Rb7 g4 40. fxg4 Bh4 41. Re2 hxg4 42. Bxd4 Nxd4 43. Rxf7 Rxf7 44. Nxg4 Qd6 45. Nf3 Nxe2 46. Qxe2 Bf6 47. Qf2 Rh7 48. c5 Qe6 49. Kg1 Qe7 50. Qc2 Bg7 51. Be2 Bf8 52. Kf1 Ra8 53. Qb2 Bg7 54. Qb6 Ra1+ 55. Kf2 Bf8 56. Nfxe5 Qxc5+ 57. Qxc5 Bxc5+ 58. Kf3 Ra3+ 59. Kxf4 Bd6 60. Kf5 Ra5 61. Ke6 Bxe5 62. Nxe5 Rh6+ 63. Kf5 Kg7 64. Kf4 Rf6+ 0-1

[Event "FRA-chT1A 0809"]
[Site "France"]
[Date "2008.11.09"]
[Round "3.8"]
[White "Lamotte, Gaelle"]
[Black "Genzling, Sylvie"]
[Result "1/2-1/2"]
[WhiteElo "1938"]
[BlackElo "1936"]
[PlyCount "55"]
[EventDate "2008.10.19"]
[EventType "team-tourn"]
[EventRounds "11"]
[EventCountry "FRA"]
[SourceTitle "EXT 2010"]
[Source "ChessBase"]
[SourceDate "2010.11.25"]
[SourceVersion "1"]
[SourceVersionDate "2010.11.25"]
[SourceQuality "1"]
[WhiteTeam "Besancon TPG"]
[BlackTeam "Bischwiller"]
[WhiteTeamCountry "FRA"]
[BlackTeamCountry "FRA"]

1. e4 e6 2. d4 d5 3. Nc3 Nf6 4. Bg5 dxe4 5. Nxe4 Be7 6. Nxf6+ Bxf6 7. Bxf6 Qxf6 8. Nf3 0-0 9. Bd3 Bd7 10. 0-0 Nc6 11. c3 Rad8 12. Qe2 Rfe8 13. Ne5 Nxe5 14. dxe5 Qh6 15. Rad1 Bc6 16. Bb5 Bxb5 17. Qxb5 b6 18. Rd7 Rf8 19. Rfd1 Rxd7 20. Qxd7 Qh5 21. Re1 Qg5 22. Qxc7 Qd2 23. Kf1 Qxb2 24. Qxa7 Qxc3 25. Qxb6 Qc4+ 26. Re2 Qc1+ 27. Re1 Qc4+ 28. Re2 1/2-1/2

[Event "EU-Cup (Women) 13th"]
[Site "Kallithea"]
[Date "2008.10.23"]
[Round "7"]
[White "Petrenko, Svetlana"]
[Black "Genzling, Sylvie"]
[Result "1-0"]
[WhiteElo "2285"]
[BlackElo "1936"]
[PlyCount "109"]
[EventDate "2008.10.17"]
[EventType "team-swiss"]
[EventRounds "7"]
[EventCountry "GRE"]
[SourceTitle "CBM 126 Extra"]
[Source "ChessBase"]
[SourceDate "2008.11.05"]
[SourceVersion "1"]
[SourceVersionDate "2008.11.05"]
[SourceQuality "1"]
[WhiteTeam "Grosslehna (W)"]
[BlackTeam "Bischwiller (W)"]
[WhiteTeamCountry "GER"]
[BlackTeamCountry "FRA"]

1. e4 e6 2. Qe2 d6 3. f4 e5 4. f5 Nc6 5. c3 d5 6. d3 b6 7. Nf3 Bb7 8. Bg5 f6 9. Bh4 Qd7 10. Qc2 0-0-0 11. Nbd2 Kb8 12. Bf2 g6 13. fxg6 hxg6 14. 0-0-0 Nh6 15. Kb1 f5 16. Be2 Ng4 17. Bg1 Bh6 18. h3 Nf6 19. exf5 gxf5 20. Bh2 Rde8 21. Nb3 Rhg8 22. Ne1 d4 23. Rf1 dxc3 24. bxc3 Nd5 25. Bg1 Nce7 26. Bf3 Nf4 27. Bxb7 Kxb7 28. c4 Qc6 29. d4 e4 30. d5 Qg6 31. Nd4 Nxg2 32. Nb5 Nc8 33. c5 Nxe1 34. Rfxe1 bxc5 35. Bxc5 Qa6 36. Rd4 Nb6 37. Nxc7 Qa5 38. Bb4 Qa4 39. Qxa4 Nxa4 40. Nxe8 Rxe8 41. d6 Nb6 42. d7 Rd8 43. Ba5 Bg5 44. Bxb6 axb6 45. Rd5 Bh4 46. Re2 Rf8 47. Kc2 Kc6 48. Rd1 Ra8 49. Kb2 Bf6+ 50. Kb3 Rh8 51. Rc2+ Kb7 52. h4 e3 53. Rf1 Bxh4 54. Rh1 f4 55. Rxh4 1-0

[Event "EU-Cup (Women) 13th"]
[Site "Kallithea"]
[Date "2008.10.21"]
[Round "5"]
[White "Peptan, Corina Isabela"]
[Black "Genzling, Sylvie"]
[Result "1-0"]
[WhiteElo "2430"]
[BlackElo "1936"]
[PlyCount "57"]
[EventDate "2008.10.17"]
[EventType "team-swiss"]
[EventRounds "7"]
[EventCountry "GRE"]
[SourceTitle "CBM 126 Extra"]
[Source "ChessBase"]
[SourceDate "2008.11.05"]
[SourceVersion "1"]
[SourceVersionDate "2008.11.05"]
[SourceQuality "1"]
[WhiteTeam "Iasi Politehnica (W)"]
[BlackTeam "Bischwiller (W)"]
[WhiteTeamCountry "ROU"]
[BlackTeamCountry "FRA"]

1. e4 e6 2. d4 d5 3. Nd2 c5 4. exd5 exd5 5. Ngf3 Nc6 6. Bb5 Bd6 7. 0-0 Nge7 8. dxc5 Bxc5 9. Nb3 Bd6 10. Bg5 0-0 11. Bh4 Qb6 12. Be2 Be6 13. Bg3 Bxg3 14. hxg3 Nf5 15. Kh1 Rad8 16. Bd3 Nce7 17. Qd2 Bc8 18. Bxf5 Bxf5 19. Nfd4 Rd6 20. Rae1 Rh6+ 21. Kg1 Be6 22. Re3 Nc8 23. Rfe1 Bd7 24. Re5 Bc6 25. Nf5 Rg6 26. Qa5 Kh8 27. c3 Rg4 28. Qa3 Rd8 29. Re8+ 1-0

[Event "FRA-ch U18 Girls"]
[Site "La Roche sur Yon"]
[Date "2008.04.27"]
[Round "9"]
[White "Genzling, Sylvie"]
[Black "Richard, Emma"]
[Result "0-1"]
[WhiteElo "1955"]
[BlackElo "1985"]
[PlyCount "88"]
[EventDate "2008.04.21"]
[EventType "swiss"]
[EventRounds "9"]
[EventCountry "FRA"]
[SourceTitle "EXT 2010"]
[Source "ChessBase"]
[SourceDate "2010.11.25"]
[SourceVersion "1"]
[SourceVersionDate "2010.11.25"]
[SourceQuality "1"]

1. d4 Nf6 2. Nf3 g6 3. c3 Bg7 4. Bf4 d6 5. h3 0-0 6. e3 Nbd7 7. Bc4 c6 8. 0-0 Qe8 9. a4 e5 10. Bh2 Qe7 11. a5 Ne8 12. dxe5 Nxe5 13. Be2 Nxf3+ 14. Bxf3 a6 15. Na3 Be5 16. Nc4 Bxh2+ 17. Kxh2 Bf5 18. Re1 d5 19. Nd2 Nd6 20. Kg1 Rad8 21. Qc1 Rfe8 22. Ra4 Qg5 23. Kh1 Ne4 24. Bxe4 Bxe4 25. Nxe4 Rxe4 26. Qc2 Qf5 27. Rxe4 dxe4 28. Kg1 Qd5 29. Rf1 f5 30. Qa4 Kf7 31. f3 exf3 32. gxf3 Kg7 33. h4 Qe5 34. Qb4 Qg3+ 35. Kh1 Rd2 36. Qe7+ Kh6 37. Qg5+ Qxg5 38. hxg5+ Kxg5 39. Rg1+ Kf6 40. Rg2 Rxg2 41. Kxg2 Ke5 42. Kg3 g5 43. b3 h5 44. Kh3 g4+ 0-1

[Event "FRA-ch U18 Girls"]
[Site "La Roche sur Yon"]
[Date "2008.04.21"]
[Round "1"]
[White "Labise, Ophelie"]
[Black "Genzling, Sylvie"]
[Result "0-1"]
[WhiteElo "1660"]
[BlackElo "1955"]
[PlyCount "88"]
[EventDate "2008.04.21"]
[EventType "swiss"]
[EventRounds "9"]
[EventCountry "FRA"]
[SourceTitle "EXT 2010"]
[Source "ChessBase"]
[SourceDate "2010.11.25"]
[SourceVersion "1"]
[SourceVersionDate "2010.11.25"]
[SourceQuality "1"]

1. d4 d5 2. c4 e6 3. Nc3 c5 4. cxd5 exd5 5. Nf3 Nc6 6. g3 c4 7. Bg2 Bb4 8. a3 Bxc3+ 9. bxc3 Qa5 10. Qc2 Nf6 11. Nd2 0-0 12. 0-0 Be6 13. e4 dxe4 14. Nxe4 Nxe4 15. Bxe4 f5 16. Bg2 Bd5 17. Bf4 Rae8 18. a4 Ne7 19. Rfe1 Bxg2 20. Kxg2 Ng6 21. Bd6 Qd5+ 22. f3 Qxd6 23. Rxe8 Rxe8 24. Qxf5 Qc6 25. Kf2 Rf8 26. Qg4 a6 27. f4 Qb6 28. Qe2 Qc6 29. a5 Re8 30. Qd2 Ne7 31. Re1 Nd5 32. Rxe8+ Qxe8 33. h3 Qe6 34. g4 h5 35. f5 Qe4 36. Kg3 hxg4 37. hxg4 Nf6 38. Qd1 Qe3+ 39. Qf3 Ne4+ 40. Kg2 Qd2+ 41. Kg1 Nxc3 42. Kf1 Qxd4 43. g5 Ne4 44. g6 Nd2+ 0-1

[Event "FRA-chT2 East 0708"]
[Site "France"]
[Date "2008.04.06"]
[Round "11.4"]
[White "Stefanski, Pascal"]
[Black "Genzling, Sylvie"]
[Result "1-0"]
[WhiteElo "2095"]
[BlackElo "1955"]
[PlyCount "73"]
[EventDate "2007.10.21"]
[EventType "team"]
[EventRounds "11"]
[EventCountry "FRA"]
[SourceTitle "EXT 2009"]
[Source "ChessBase"]
[SourceDate "2008.11.26"]
[SourceVersion "1"]
[SourceVersionDate "2008.11.26"]
[SourceQuality "1"]
[WhiteTeam "Besancon TPG II"]
[BlackTeam "Bischwiller II"]
[WhiteTeamCountry "FRA"]
[BlackTeamCountry "FRA"]

1. e4 e6 2. d4 d5 3. Nc3 Nf6 4. Bg5 dxe4 5. Nxe4 Be7 6. Bxf6 Bxf6 7. Nf3 Nc6 8. c3 Ne7 9. Bd3 Bd7 10. Qe2 Bc6 11. Nxf6+ gxf6 12. 0-0-0 Qd6 13. Be4 0-0-0 14. g3 Bd5 15. Bxd5 Qxd5 16. a3 Rd6 17. Kb1 Rb6 18. Nd2 Kb8 19. Rhe1 Rc6 20. Ne4 Qf5 21. Rd3 Rd8 22. Rf3 Qg6 23. Rxf6 Qg7 24. Qh5 Ng6 25. Qf3 Nh8 26. h4 h6 27. Qf4 h5 28. Ng5 Ra6 29. Qf3 Rb6 30. Re4 Qf8 31. c4 Qe7 32. d5 e5 33. Rxb6 cxb6 34. Qxh5 Ng6 35. Qh7 Rf8 36. f4 Qc5 37. h5 1-0

[Event "FRA-chT2 East 0708"]
[Site "France"]
[Date "2008.03.15"]
[Round "8.7"]
[White "Genzling, Sylvie"]
[Black "Briet, Antoine"]
[Result "0-1"]
[WhiteElo "1942"]
[BlackElo "2171"]
[PlyCount "110"]
[EventDate "2007.10.21"]
[EventType "team"]
[EventRounds "11"]
[EventCountry "FRA"]
[SourceTitle "EXT 2009"]
[Source "ChessBase"]
[SourceDate "2008.11.26"]
[SourceVersion "1"]
[SourceVersionDate "2008.11.26"]
[SourceQuality "1"]
[WhiteTeam "Bischwiller II"]
[BlackTeam "Mundolsheim"]
[WhiteTeamCountry "FRA"]
[BlackTeamCountry "FRA"]

1. e4 c5 2. Nf3 d6 3. d4 cxd4 4. Nxd4 Nf6 5. Nc3 a6 6. Be2 e5 7. Nb3 Be7 8. 0-0 0-0 9. a4 Be6 10. Kh1 Nbd7 11. f4 Qc7 12. Be3 Rad8 13. Qe1 Nb6 14. Qf2 Nc4 15. Bxc4 Qxc4 16. f5 Bc8 17. Qg3 Kh8 18. Bg5 Nh5 19. Qh4 Bxg5 20. Qxg5 Nf6 21. Qe3 d5 22. exd5 Nxd5 23. Nxd5 Rxd5 24. f6 g6 25. Qh6 Rg8 26. Rad1 Bg4 27. Rc1 e4 28. Qe3 Qxa4 29. Nc5 Qc6 30. Nxe4 Bf5 31. Ng5 Qxf6 32. g4 Qxg5 33. Qc3+ f6 34. gxf5 Rxf5 35. Rce1 Rxf1+ 36. Rxf1 Qd5+ 37. Kg1 Rf8 38. Qc7 Rf7 39. Qb6 Kg7 40. c3 Qg5+ 41. Kh1 Rd7 42. Qb4 Qd5+ 43. Kg1 Qd6 44. Qg4 Qc5+ 45. Kh1 f5 46. Qg5 Qd5+ 47. Kg1 Qd2 48. Qg3 Qd6 49. Qg2 Qc5+ 50. Kh1 Qd5 51. Qxd5 Rxd5 52. Re1 Kf6 53. Re2 f4 54. Kg2 g5 55. b4 Rd3 0-1

[Event "FRA-chT Top 12 (Women)"]
[Site "Rennes"]
[Date "2007.05.12"]
[Round "2"]
[White "Genzling, Sylvie"]
[Black "Dourerassou, Cynthia"]
[Result "1-0"]
[WhiteElo "1914"]
[BlackElo "1934"]
[PlyCount "53"]
[EventDate "2007.05.11"]
[EventType "team"]
[EventRounds "5"]
[EventCountry "FRA"]
[SourceTitle "CBM 118 Extra"]
[Source "ChessBase"]
[SourceDate "2007.07.04"]
[SourceVersion "1"]
[SourceVersionDate "2007.07.04"]
[SourceQuality "1"]
[WhiteTeam "Bischwiller"]
[BlackTeam "Creteil"]
[WhiteTeamCountry "FRA"]
[BlackTeamCountry "FRA"]

1. e4 e5 2. d4 exd4 3. Qxd4 Nc6 4. Qe3 b6 5. Nc3 Bc5 6. Qg3 Nge7 7. Bf4 d6 8. 0-0-0 Ng6 9. Be3 0-0 10. h4 f5 11. Bc4+ Kh8 12. h5 Nge5 13. Bd5 Bxe3+ 14. fxe3 Rb8 15. Nf3 Qe8 16. Nh4 Ne7 17. Ng6+ N5xg6 18. hxg6 h6 19. Bf7 Rxf7 20. gxf7 Qxf7 21. Rhf1 Ba6 22. Rf2 b5 23. Nd5 Nxd5 24. exd5 b4 25. e4 c5 26. Qxd6 Qh5 27. Qxb8+ 1-0

[Event "FRA-chT Top 12 (Women)"]
[Site "Rennes"]
[Date "2007.05.12"]
[Round "3"]
[White "Steil Antoni, Fiona"]
[Black "Genzling, Sylvie"]
[Result "1-0"]
[WhiteElo "2018"]
[BlackElo "1914"]
[PlyCount "103"]
[EventDate "2007.05.11"]
[EventType "team"]
[EventRounds "5"]
[EventCountry "FRA"]
[SourceTitle "CBM 118 Extra"]
[Source "ChessBase"]
[SourceDate "2007.07.04"]
[SourceVersion "1"]
[SourceVersionDate "2007.07.04"]
[SourceQuality "1"]
[WhiteTeam "Bischwiller"]
[BlackTeam "Vandoeuvre"]
[WhiteTeamCountry "FRA"]
[BlackTeamCountry "FRA"]

1. e4 e6 2. d4 d5 3. Nc3 Nc6 4. Nf3 Nf6 5. e5 Ne4 6. Ne2 f6 7. Ng3 Be7 8. exf6 Bxf6 9. Bd3 0-0 10. Nxe4 dxe4 11. Bxe4 Nxd4 12. 0-0 Nxf3+ 13. Qxf3 Bd4 14. Qh5 g6 15. Qe2 Bg7 16. c3 a5 17. Be3 Ra6 18. Rad1 Qe7 19. Rd2 a4 20. a3 Ra5 21. Rfd1 Rh5 22. Bf3 Ra5 23. Qc4 Be5 24. Bh6 Bg7 25. Bxg7 Kxg7 26. Bxb7 Kg8 27. Bxc8 Rxc8 28. Rd7 Qf6 29. Rxc7 Rf8 30. f3 Rg5 31. Rf1 Qe5 32. Rc8 Rh5 33. Rxf8+ Kxf8 34. Qc8+ Kf7 35. Qb7+ Kg8 36. Qa8+ Kf7 37. Qa7+ Kg8 38. g3 Qb5 39. Rd1 Rd5 40. Rxd5 exd5 41. Qf2 Qb3 42. Qd2 Qc4 43. Kf2 Qb3 44. Ke3 Kf8 45. Qd4 Kg8 46. Kf4 h6 47. Ke5 Qxb2 48. Qxd5+ Kg7 49. Qd7+ Kg8 50. Qc8+ Kg7 51. Qc7+ Kg8 52. Kf6 1-0

[Event "FRA-ch U16 Girls"]
[Site "Le Grand Bornand"]
[Date "2007.04.??"]
[Round "3"]
[White "Bomba, Melody"]
[Black "Genzling, Sylvie"]
[Result "1/2-1/2"]
[WhiteElo "1790"]
[BlackElo "1914"]
[PlyCount "115"]
[EventDate "2007.04.07"]
[EventType "swiss"]
[EventRounds "9"]
[EventCountry "FRA"]
[SourceTitle "CBM 118 Extra"]
[Source "ChessBase"]
[SourceDate "2007.07.04"]
[SourceVersion "1"]
[SourceVersionDate "2007.07.04"]
[SourceQuality "1"]

1. d4 d5 2. c3 e6 3. Nf3 c5 4. Bf4 Nc6 5. e3 Bd6 6. Ne5 Nf6 7. Bb5 Qc7 8. Qa4 Bd7 9. Nxd7 Nxd7 10. Bxd6 Qxd6 11. Nd2 0-0 12. 0-0 Rac8 13. Rfe1 a6 14. Bd3 e5 15. dxe5 Ndxe5 16. Bf5 Rcd8 17. Qh4 g6 18. Bc2 f5 19. Rad1 Qc7 20. f4 Ng4 21. h3 Nf6 22. Nf3 Qe7 23. Bd3 b5 24. Bc2 a5 25. b3 Rf7 26. Ng5 Rg7 27. Nf3 Ne8 28. Qf2 Nc7 29. Qf1 c4 30. bxc4 dxc4 31. Rxd8+ Qxd8 32. a4 Qd5 33. Kh1 Re7 34. Rd1 Qc5 35. Nd4 Rxe3 36. Nxc6 Qxc6 37. axb5 Nxb5 38. Ba4 Qc5 39. Rd8+ Kf7 40. Bxb5 Qxb5 41. Qf2 Re7 42. Qd4 Qb1+ 43. Kh2 Qe4 44. Qd2 a4 45. Rd4 Qe6 46. Qa2 Ra7 47. h4 a3 48. g3 Kf6 49. Kh3 Ra4 50. Qc2 Qc6 51. Rd1 a2 52. Ra1 Qa6 53. Qd2 Ra5 54. Qd8+ Kf7 55. Qd7+ Kf6 56. Qd8+ Kf7 57. Qd7+ Kf6 58. Qd8+ 1/2-1/2

[Event "FRA-ch U16 Girls"]
[Site "Le Grand Bornand"]
[Date "2007.04.??"]
[Round "5"]
[White "Forestier, Carole"]
[Black "Genzling, Sylvie"]
[Result "0-1"]
[WhiteElo "1891"]
[BlackElo "1914"]
[PlyCount "140"]
[EventDate "2007.04.07"]
[EventType "swiss"]
[EventRounds "9"]
[EventCountry "FRA"]
[SourceTitle "CBM 118 Extra"]
[Source "ChessBase"]
[SourceDate "2007.07.04"]
[SourceVersion "1"]
[SourceVersionDate "2007.07.04"]
[SourceQuality "1"]

1. d4 d5 2. c4 e6 3. Nc3 c5 4. cxd5 exd5 5. Nf3 Nc6 6. g3 c4 7. Bg2 Bb4 8. 0-0 Nge7 9. e4 0-0 10. exd5 Nxd5 11. Nxd5 Qxd5 12. Ne5 Qb5 13. Nxc6 bxc6 14. Bd2 Bxd2 15. Qxd2 Be6 16. Rfe1 Rfd8 17. Rad1 Rab8 18. Re2 h6 19. Qc3 Bg4 20. f3 Be6 21. Bf1 c5 22. Kh1 Qa4 23. Qc2 Qxc2 24. Rxc2 cxd4 25. Bxc4 Bxc4 26. Rxc4 Rxb2 27. Rcxd4 Rxd4 28. Rxd4 Rxa2 29. Rd8+ Kh7 30. f4 a5 31. Kg1 a4 32. f5 h5 33. Rf8 a3 34. Ra8 g5 35. fxg6+ Kxg6 36. Ra5 Kf6 37. Kh1 Ke6 38. Ra8 Kd5 39. Rd8+ Kc4 40. Rc8+ Kd3 41. Ra8 Ke3 42. Ra7 f5 43. Ra4 Kd3 44. Ra8 Kc3 45. Rc8+ Kb2 46. Ra8 Ra1+ 47. Kg2 Rc1 48. Rb8+ Ka1 49. Rb5 Rc2+ 50. Kh3 Rf2 51. Ra5 a2 52. Rb5 Rb2 53. Rxf5 Kb1 54. Rf1+ Kc2 55. Kh4 Rb1 56. Rf2+ Kb3 57. Rxa2 Kxa2 58. Kxh5 Kb3 59. g4 Kc4 60. g5 Kd5 61. h4 Rh1 62. g6 Ke6 63. Kg5 Rg1+ 64. Kh6 Kf6 65. h5 Rh1 66. g7 Rg1 67. g8N+ Rxg8 68. Kh7 Rg7+ 69. Kh8 Ra7 70. h6 Kg6 0-1